00681 2200241 4500001002100000005001700021008004100038035002400079082001000103090002200113100002300135245008000158260002700238300002800265500002900293650002400322700002900346850001200375980001300387985000600400986001200406999002100418YOGYA-0209000004568120090227030916.0 ind  0010-020900000045681 a650.1 a650.1bEka TlDep aEKA PUTRA, Dianata a13 rahasia pribadi suksescDianata Eko Putra;editor,Theresia Arie Prabawati aYogyakartabAndic2006 ax, 102 hlmbilusc21 cm aBibliografi : hlm. 97-98 aSukses dalam bisnis aPrabawati, Theresia Arie aYOPDYOG a10-03-07 a1 aIndah.P a2006-351hCB-D.11